000 00667nam a2200229 a 4500
005 20140310183455.0
008 030909s19uu xx 00 eng d
020 _a032431437x
050 _aBF 181
_b.M39 2004
100 _aMcGuigan, James R.
245 _aExperimental psychology :
_bMethods of research /
_cF.J. Mcguigan.
250 _a7th ed.
260 _aAustralia :
_bThomson South-Western,
_c2004.
300 _a799 p. :
_bill. ;
_c22 cm.
521 _aPSYCH
650 _aCorporations
_xFinance.
650 _aBusiness enterprises
_xFinance.
700 _aKretlow, William J.
700 _aMoyer, Charles R.
942 _cBK
_2lcc
_kFOR
999 _c23582
_d23582